| 000 | 00453nam a2200181Ia 4500 | ||
|---|---|---|---|
| 001 | 5167 | ||
| 005 | 20260306145848.0 | ||
| 008 | 260306t2000||||xx |||||||||||||| ||spa|| | ||
| 041 | _aESP | ||
| 082 |
_a336.7 _bM33 |
||
| 100 |
_aMaza Rodríguez, José _eAUT |
||
| 245 | 0 | _aEl sistema de globalización y el desarrollo empresarial | |
| 260 | _c2000 | ||
| 300 |
_a118 páginas : _c24 cm. |
||
| 650 | _aGEN | ||
| 654 | _aCAN | ||
| 942 |
_cLIB _dJUS _fJUS _2ddc _n |
||
| 999 |
_c5167 _d5167 |
||